000 00459nam a2200181Ia 4500
001 23931
005 20260414151010.0
008 260414t2007||||xx |||||||||||||| ||spa||
041 _aESP
082 _a721
_bCH525
100 _aCharleson, Andrew
_eAUT
245 0 _aLa estructura como arquitectura :
_bformas, detalles y simbolismo
260 _c2007
300 _a259 páginas :
_c24 cm.
650 _aABD
654 _aCAU
942 _cLIB
_dJUS
_fJUS
_2ddc
_n
999 _c23931
_d23931